| 000 | 00532cam a22002171 4500 | ||
|---|---|---|---|
| 001 | sa 63004509 | ||
| 003 | DLC | ||
| 005 | 20260227111949.0 | ||
| 008 | 890602s1962 ii c 000 0 urdo | ||
| 010 | _asa 63004509 | ||
| 035 | _a(OCoLC)19806558 | ||
| 040 |
_aDLC _cWaU _dDLC |
||
| 042 | _apremarc | ||
| 050 | 0 | 0 |
_aPK2200.A35 _bG3 |
| 100 | 1 |
_aAhmad, Nazir, _d1910 April 13- |
|
| 245 | 1 | 0 | _aGaá¹…gojamana. |
| 260 | _c[1962] | ||
| 300 |
_a195 p. _bport. _c19 cm. |
||
| 500 | _aIn Urdu, in Devanagari script. | ||
| 500 | _aPoems. | ||
| 999 |
_c55689 _d55689 |
||